00824cam a2200217 a 450000100100000000500170001000800410002704000290006805000170009708200150011410000320012924500880016126000500024930000200029950400420031965000670036191000330042804900090046195201190047099900170058900001845020200929165817.0801021s1977 ag b f000 0 spa d aDO-SdBNPbspacLCdBNPHU00aPA78.L29bC3 ann*bC266t1 aCárdenas, Horacio.93993211a¿Tienen sentido en latinoamérica los estudios clásicos? /cHoracio Cárdenas. aBuenos Aires :bEmbajada de Venezuela,c1977. a64 p. ;c19 cm. aIncluye referencias bibliográficas. 0aClassical philologyxStudy and teachingzLatin America.939933 aCatalogación derivada / LC aBNGR 001052708MOaGRbGRcCTd2010-05-10iLF1l0onn* C266tp18450-10r2020-06-25w2020-06-25y2ZPréstamo interno c17970d17970